Southville International School and Colleges
Your cart is empty.
  • Cart
  • Lists
    Public lists Eva Luna New books Lux_list list_1
    Your lists Log in to create your own lists
  • Log in to your account
  • Your cookies
  • Search history
Southville International School and Colleges
  • Advanced search
  • Recent comments
  • Most popular
  • Libraries

Log in to your account

Log in with GOOGLE


If you do not have an external account, but do have a local account, you can still log in:

  1. Home
  2. MARC view: Evidence - based practice for nurses and allied health professionals
Normal view MARC view ISBD view

Evidence - based practice for nurses and allied health professionals (Record no. 365893)

[ view plain ]
MARC details
000 -LEADER
fixed length control field 00660nam a22002057a 4500
003 - CONTROL NUMBER IDENTIFIER
control field 0
005 - DATE AND TIME OF LATEST TRANSACTION
control field 20240125093804.0
008 - FIXED-LENGTH DATA ELEMENTS--GENERAL INFORMATION
fixed length control field 240125b xxu||||| |||| 00| 0 eng d
020 ## - INTERNATIONAL STANDARD BOOK NUMBER
International Standard Book Number 978-1-5297-7591-4
050 ## - LIBRARY OF CONGRESS CALL NUMBER
Classification number RT 42
Item number .L56 2022
100 ## - MAIN ENTRY--PERSONAL NAME
Personal name Linsley, Paul
245 ## - TITLE STATEMENT
Title Evidence - based practice for nurses and allied health professionals
Statement of responsibility, etc Paul Linsley
250 ## - EDITION STATEMENT
Edition statement 5th edition
260 ## - PUBLICATION, DISTRIBUTION, ETC. (IMPRINT)
Place of publication, distribution, etc Los Angeles
Name of publisher, distributor, etc Sage Publications Ltd.
300 ## - PHYSICAL DESCRIPTION
Extent xiii, 250 pages ;
Dimensions 25 cm.
504 ## - BIBLIOGRAPHY, ETC. NOTE
Bibliography, etc Includes bibliographical references, glossary, and index.
650 ## - SUBJECT ADDED ENTRY--TOPICAL TERM
Topical term or geographic name as entry element Evidenced-based nursing.
650 ## - SUBJECT ADDED ENTRY--TOPICAL TERM
Topical term or geographic name as entry element Evidenced-based medicine.
942 ## - ADDED ENTRY ELEMENTS (KOHA)
Source of classification or shelving scheme Library of Congress Classification
Koha item type Books
Holdings
Withdrawn status Lost status Source of classification or shelving scheme Damaged status Home library Current library Shelving location Date acquired Source of acquisition Sub Shelving location Total Checkouts Full call number Barcode Date last seen Price effective from Koha item type
    Library of Congress Classification   College Library College Library Reserve Section 01/25/2024 Library Fund     RT 42 .L56 2022 C23231 01/25/2024 01/25/2024 Books

Evidence - based practice for nurses and allied health professionals

APA

Linsley P., .Evidence - based practice for nurses and allied health professionals. Los Angeles: Sage Publications Ltd.

Chicago

Linsley Paul, .Evidence - based practice for nurses and allied health professionals. Los Angeles: Sage Publications Ltd.

Harvard

Linsley P., .Evidence - based practice for nurses and allied health professionals. Los Angeles: Sage Publications Ltd.

MLA

Linsley Paul, .Los Angeles: Sage Publications Ltd. .

  • Place hold
  • Print
  • Cite
  • Add to your cart (remove)
  • Save record
    BIBTEX Dublin Core MARCXML MARC (non-Unicode/MARC-8) MARC (Unicode/UTF-8) MARC (Unicode/UTF-8, Standard) MODS (XML) RIS
  • More searches
    Search for this title in:
    Other Libraries (WorldCat) Other Databases (Google Scholar) Online Stores (Bookfinder.com) Open Library (openlibrary.org)

Exporting to Dublin Core...

SOUTHVILLE LIBRARY

Southville International School and Colleges Library

1281 Tropical Ave. Cor. Luxembourg St., BF Homes International, Las Pinas City

Tel. No. 8256374 / 252358 Loc. 117/146

Powered by Koha